| 000 | 00605 a2200193 4500 | ||
|---|---|---|---|
| 001 | 22832 | ||
| 005 | 20260407155518.0 | ||
| 008 | 260407a1986 arg spa d | ||
| 003 | AR-UNSa-BCEJYS | ||
| 040 |
_aAR-UNSa-BCEJYS _bspa _cAR-UNSa-BCEJYS |
||
| 080 |
_a657 _xContabilidad |
||
| 245 | 1 | 0 | _aAportes para la didáctica de la contabilidad |
| 264 | 1 |
_aBuenos Aires : _bA-Z Editora _c1986 |
|
| 300 |
_a85 p. _c22 cm. |
||
| 505 | _a1. Entes - 2. Dinámica del ente - 3. Registro de la dinámica del ente. | ||
| 942 | _cBK | ||
| 590 | _aniveau_biblio:m niveau_hierar:0 | ||
| 100 | 1 | _aAranciaga, Héctor Mario | |
| 999 |
_c1061 _d1061 |
||